000 00601nam a2200229Ia 4500
003 OSt
005 20220923214539.0
006 a|||||r|||| 00| 0
007 ta
008 220922b |||||||| |||| 00| 0 hin d
024 _a170,667
037 _cTextual
040 _aARTS
_cARTS
_bhin
041 _2hin
_ahin
082 _aO152:3N10x, J2
100 _aउपेन्द्रनाथ
_9156945
245 0 _aपिंजरा
246 _aPianjarā
260 _c1952
942 _hO152:3N10x, J2
_cTEXL
_2CC
999 _c324951
_d324951